00481nam a2200157Ia 4500008004100000020001800041041000800059082001300067100001500080245005200095250001300147260002500160650001300185999001900198952010600217231120s2022 xx 000 0 und d a9781264285822 aeng a616bLOS aLoscalzo . aHarrisons Principles of Internal Medicine Vol.1 a21st ed. bHillMcGraw2022c2022 aMedicine c934069d934069 00104070aMCPbMCPd2023-11-21g5845.00l0o616 LOSpMCP-20713r2023-11-21 00:00:00w2023-11-21yBK